Les Simpson - Titre des épisodes (saison 24) - Statistiques

Statistiques générales
  • Ce quiz a été pris 11 fois
  • Le résultat moyen est 16 sur 22
Statistiques - réponses
Question Réponse % Correct
Pinaise ... fiction
100%
Un talent ... caché
90%
Nom d'un ... chien
90%
Gone Papi ... Gone
90%
L'Arbre ... miraculeux
90%
La Cool ... Attitude
80%
Ce que veulent les ... femmes animées
80%
Charmeur ... grand-père
80%
Au beurre ... noir
80%
Simpson Horror ... Show XXIII
80%
Les Dangers ... du train
70%
À tuteur-tuteur ... ennemi
70%
Les Aléas de ... l'amour
70%
Naître ou ne pas ... naître
70%
Adulte ... une fois
70%
Dan le ... bouclier
60%
Un test avant ... d'essayer
60%
La Saga ... de Carl
50%
À la recherche ... de l'ex
50%
Homer entre ... en prépa
50%
Super ... Zéro
50%
Whisky ... Bizness
40%
Aucun quiz correspondant
Distribution des résultats
% des personnes avec chaque résultat
Percentile par nombre de réponses
Votre historique - résultats
Vous n’avez pas pris ce quiz